000
00282nam a22001217a 4500
041
_a
ENG
100
_a
Kumar .A
245
_a
Transport Phenoment In Food Process Engineering
260
_a
Delhi
_b
Himalaya Pub
_c
2001
300
_a
272
650
_a
APE ( 02 )
856
_u
APE ( 02 )
999
_c
2864
_d
2864